Lecons de mecanique celeste (Record no. 706)

MARC details
000 -LEADER
fixed length control field 00471nam a2200169Ia 4500
003 - CONTROL NUMBER IDENTIFIER
control field IN-BaIIA
008 - FIXED-LENGTH DATA ELEMENTS--GENERAL INFORMATION
fixed length control field 211028s9999 xx 000 0 eng d
040 ## - CATALOGING SOURCE
Transcribing agency IIA Library
080 ## - UNIVERSAL DECIMAL CLASSIFICATION NUMBER
Universal Decimal Classification number 521.1
Item number POI
100 ## - MAIN ENTRY--PERSONAL NAME
Personal name Poincare, H.
9 (RLIN) 1505
245 #0 - TITLE STATEMENT
Title Lecons de mecanique celeste
Remainder of title vol. I
Statement of responsibility, etc. H. Poincare
260 ## - PUBLICATION, DISTRIBUTION, ETC.
Place of publication, distribution, etc. Paris
Name of publisher, distributor, etc. Gauthier Villars
Date of publication, distribution, etc. 1905
300 ## - PHYSICAL DESCRIPTION
Extent vi, 365p.
490 ## - SERIES STATEMENT
Series statement Cours de la faculte des sciences de Paris
650 ## - SUBJECT ADDED ENTRY--TOPICAL TERM
Topical term or geographic name entry element Celestial Mechanics
942 ## - ADDED ENTRY ELEMENTS (KOHA)
Koha item type Books
Holdings
Withdrawn status Lost status Damaged status Not for loan Home library Current library Shelving location Date acquired Total Checkouts Full call number Barcode Date last seen Price effective from Koha item type
        IIA Library-Bangalore IIA Library-Kodaikanal General Stacks     521.1/ POI 730 05/11/2021   Books

Powered by Koha